000 00793nam a2200277 a 4500
003 AR-BaBNM
005 20251128205500.0
008 082120s2002 ||||||||||||||000 | spa||
040 _cAR-BaBNM
245 0 0 _aCurso de capacitación
_bAntártida Argentina
260 _aBuenos Aires
_bMinisterio de Defensa
_bDirección Nacional de Antártico
_c[1997]
300 _ap. irreg.
_bmapas, gráfs., il.
650 4 _aREGIONES POLARES
650 4 _aZONAS CLIMATICAS
650 4 _aOCEANOGRAFIA
650 4 _aEXPEDICIONES CIENTIFICAS
650 4 _aEXPLORACION OCEANICA
650 4 _aINVESTIGACION CIENTIFICA
650 4 _aEXPLORACION DE RECURSOS
650 4 _aFLORA
650 4 _aFAUNA
651 4 _aAntártida
700 1 _aLeal, Jorge E.
_eeditor
942 _cBK
998 _cmariana
999 _c11575
_d11575